| 000 | 00326nam a2200121Ia 4500 | ||
|---|---|---|---|
| 008 | 230907s9999||||xx |||||||||||||| ||und|| | ||
| 082 |
_a621.319 _bKUN |
||
| 100 |
_aKundur, P. _9115354 |
||
| 245 | 0 | _aPower system stability and control / | |
| 260 |
_aMcGraw-Hill, _bNew York : _c1994 |
||
| 300 | _axxiii, 1176 p. : | ||
| 942 | _cBK | ||
| 999 |
_c598214 _d598214 |
||